00450nam a2200193 a 4500001001300000003000900013005001700022008004100039020001000080082001800090100001200108245001900120260003300139300000900172500003500181505001000216650001800226700001200244nice12345678IN_TiNIC20260116013346.0050524s1992 dela grp 000 0 eng  ac12500a915.3025bASA aAsad, M aRoad to Makkah aDelhibAdam Publishersc1992 a381p aincludes index and biblioraphy2 aIndex aArabia-Travel1 aAsad, M